000 01379nam a2200289 i 4500
001 169831
003 ES-MaACL
005 20250927110308.0
008 081204s1823 fr |||| | fre d
080 _a821.133.1-293
245 0 0 _aSuite du répertoire du théâtre français, avec un choix des pièces de plusieurs autres théâtres.
_pOpéras comiques en prose.
_nVIII /
_carrangées et mises en ordre par M. Lepeintre.
260 _aParis :
_bMme Veuve Dabo,
_c1823 (
_fSenlis)
300 _a399 p. ;
_c14 cm.
490 1 _aSuite du répertoire du théatre français ;
_v63
500 _aÍndice.
500 _aEnc. con: Suite du répertoire du théâtre français ; 64.
505 8 _aContiene: ;
_tM. des Chalumeaux /
_rpar M. Creuzé de Lesser. --
_tL'opéra-comique /
_rpar M. Dupaty. --
_tLe prisonnier ; Maison a vendre /
_rpar M. Duval. --
_tCendrillon /
_rpar M. Étienne.
597 _a2 tomos en 1 v.
700 1 _aCreuzé de Lesser, Auguste.
_9138999
700 1 _aDupaty, Emmanuel.
_9139000
700 1 _aDuval, Alexandre.
_9138032
700 1 _aÉtienne, Charles-Guillaume.
_9139001
700 1 _aLepeintre-Desroches, Pierre-Marie-Michel,
_d1785-1847
_9138972
830 0 _aSuite du répertoire du théatre français ;
_v63
_9188890
852 4 _aES-MaACL
_jE-12316(1)
_9R.190455
_z- Biblioteca Jacinto Martínez Lacalle
999 _c169831
_d169831